[Event "Carlos Torre Memorial op 33rd"]
[Site "Merida"]
[Date "2023.12.17"]
[Round "5"]
[White "Forgas Moreno, Yaniela"]
[Black "Neira Garcia, Llirbel Anei"]
[Result "1-0"]
[WhiteElo "2260"]
[BlackElo "2039"]
[PlyCount "71"]
[EventDate "2023.12.15"]
[EventType "swiss"]
[EventRounds "9"]
[EventCountry "MEX"]
[SourceTitle "CB52_2023"]
[SourceDate "2023.12.27"]
[SourceVersion "1"]
[SourceVersionDate "2023.12.27"]
[SourceQuality "1"]

1. e4 c5 2. Nc3 g6 3. Nf3 Bg7 4. d4 cxd4 5. Nxd4 Nc6 6. Be3 Nf6 7. Be2 0-0 8. Nb3 d6 9. 0-0 Bd7 10. f4 Qc8 11. Kh1 Rd8 12. Qe1 Be6 13. Rd1 d5 14. e5 Ne4 15. Nxe4 dxe4 16. Nc5 Bf5 17. Rxd8+ Nxd8 18. Qb4 f6 19. exf6 exf6 20. Nxe4 a5 21. Qa4 Qc6 22. Qxc6 Nxc6 23. Bc4+ Kh8 24. Nd6 Bxc2 25. Rc1 Bf5 26. Nxf5 gxf5 27. Kg1 Bf8 28. Rd1 Re8 29. Kf2 Kg7 30. Rd7+ Re7 31. Rd5 Re4 32. Bd3 Rb4 33. b3 a4 34. Bc4 axb3 35. axb3 Ne7 36. Rd7 1-0

[Event "ESP-chT CECLUB Div2"]
[Site "Linares"]
[Date "2023.08.15"]
[Round "3.17"]
[White "Forgas Moreno, Yaniela"]
[Black "Rey Martinez, Jaime"]
[Result "1/2-1/2"]
[WhiteElo "2297"]
[BlackElo "2331"]
[PlyCount "135"]
[EventDate "2023.08.13"]
[EventType "team-swiss"]
[EventRounds "7"]
[EventCountry "ESP"]
[SourceTitle "EXT 2024"]
[Source "ChessBase"]
[SourceDate "2023.10.10"]
[SourceVersion "1"]
[SourceVersionDate "2023.10.10"]
[SourceQuality "1"]
[WhiteTeam "Gijon 64"]
[BlackTeam "Diagonal Alcorcon"]
[WhiteTeamCountry "ESP"]
[BlackTeamCountry "ESP"]

1. e4 c5 2. Nc3 Nc6 3. g3 g6 4. d3 d6 5. Be3 Bg7 6. Qd2 Rb8 7. Bg2 e6 8. Nf3 Nge7 9. d4 Qb6 10. 0-0-0 Qa5 11. Kb1 b5 12. Ne2 b4 13. Bh6 Bxh6 14. Qxh6 Ba6 15. Nc1 cxd4 16. Nxd4 Ne5 17. Bh3 Rc8 18. f4 Nc4 19. f5 Qe5 20. fxe6 f6 21. Rhe1 Bb7 22. Qf4 a6 23. Bf1 0-0 24. h4 Rfe8 25. Qxe5 fxe5 26. Ndb3 Ba8 27. Nd2 Nxd2+ 28. Rxd2 Rc6 29. Nb3 Nc8 30. Bh3 Rc4 31. Rde2 Kg7 32. Nd2 Rd4 33. Nf3 Rc4 34. h5 Na7 35. hxg6 hxg6 36. Ng5 Nb5 37. Rf2 Nd4 38. Rf7+ Kh6 39. Nh7 Nxc2 40. Bf1 Nxe1 41. Bxc4 Bxe4+ 42. Kc1 d5 43. e7 dxc4 44. Nf6 Rxe7 45. Rxe7 Bf5 46. Kd2 Nd3 47. g4 Kg5 48. gxf5 Kxf6 49. Re6+ Kxf5 50. Rxa6 Nxb2 51. Rb6 Nd3 52. Rc6 e4 53. Rxc4 Kf4 54. Rc6 g5 55. Rf6+ Ke5 56. Rf8 Nf4 57. Rg8 Kf5 58. Ke3 Nd5+ 59. Kd4 Nc3 60. Rf8+ Kg4 61. Rf2 e3 62. Rg2+ Kf3 63. Rxg5 Ne2+ 64. Kd3 Nc1+ 65. Kc4 Nxa2 66. Re5 e2 67. Re8 Nc3 68. Rxe2 1/2-1/2

[Event "Caribean-chT Blitz 24th"]
[Site "San Salvador"]
[Date "2023.07.06"]
[Round "9.1"]
[White "Vasquez Vasquez, Marielos"]
[Black "Forgas Moreno, Yaniela"]
[Result "0-1"]
[WhiteElo "1713"]
[BlackElo "2169"]
[PlyCount "74"]
[EventDate "2023.07.06"]
[EventType "tourn (blitz)"]
[EventRounds "15"]
[EventCountry "ESA"]
[SourceTitle "CBM 215 Extra"]
[Source "ChessBase"]
[SourceDate "2023.09.30"]
[SourceVersion "1"]
[SourceVersionDate "2023.09.30"]
[SourceQuality "1"]
[WhiteTeam "El Salvador"]
[BlackTeam "Cuba"]
[WhiteTeamCountry "ESA"]
[BlackTeamCountry "CUB"]

1. d4 f5 2. c4 Nf6 3. Nf3 d6 4. g3 g6 5. Bg2 Bg7 6. 0-0 0-0 7. Nc3 c6 8. Qb3 Kh8 9. Re1 Ne4 10. Qc2 Nxc3 11. bxc3 e5 12. e4 f4 13. d5 c5 14. gxf4 Bg4 15. f5 gxf5 16. Ng5 f4 17. Ne6 Bxe6 18. dxe6 Qf6 19. f3 Qxe6 20. Qe2 Bf6 21. Kh1 Nc6 22. Rg1 Rg8 23. Bd2 Rg7 24. Rab1 Rag8 25. Be1 Na5 26. Rd1 Nxc4 27. Bf2 a6 28. a4 b5 29. axb5 axb5 30. Rb1 Rb8 31. Bf1 Na3 32. Rb2 b4 33. cxb4 cxb4 34. Rxg7 Kxg7 35. Qd3 b3 36. Qd2 Nc4 37. Rb1 Nxd2 0-1

[Event "San Sebastian op 43rd"]
[Site "San Sebastian"]
[Date "2023.04.06"]
[Round "7"]
[White "Forgas Moreno, Yaniela"]
[Black "Aloma Vidal, Roberto"]
[Result "1-0"]
[WhiteElo "2285"]
[BlackElo "2442"]
[PlyCount "89"]
[EventDate "2023.04.01"]
[EventType "swiss"]
[EventRounds "9"]
[EventCountry "ESP"]
[SourceTitle "CBM 213 Extra"]
[Source "ChessBase"]
[SourceDate "2023.05.31"]
[SourceVersion "1"]
[SourceVersionDate "2023.05.31"]
[SourceQuality "1"]

1. d3 d5 2. f4 Nc6 3. Nf3 Bg4 4. Nbd2 Qd6 5. g3 e5 6. fxe5 Nxe5 7. Nxe5 Qxe5 8. Bg2 0-0-0 9. Nf3 Qh5 10. c3 Nf6 11. h3 Bxf3 12. Bxf3 Qg6 13. g4 h5 14. g5 Ne4 15. Qa4 Nxg5 16. Bxg5 Qxg5 17. Qxa7 c6 18. Rg1 Qh4+ 19. Kd2 g6 20. a4 Bh6+ 21. Kc2 Qe7 22. d4 Qc7 23. a5 Kd7 24. e4 Ra8 25. Qb6 dxe4 26. Bxe4 Rhe8 27. Bd3 Re3 28. Bc4 Rxh3 29. Raf1 Rh2+ 30. Kb1 Rf8 31. Qc5 Qd6 32. Qa7 Qc7 33. Bxf7 g5 34. Rf6 Bg7 35. Rf5 g4 36. Re1 Kd8 37. Bg6 Kd7 38. Rxf8 Bxf8 39. Qa8 Be7 40. Bf5+ Kd6 41. Qg8 Qxa5 42. Re6+ Kc7 43. Rxe7+ Kb6 44. Qd8+ Ka6 45. Bd3+ 1-0

[Event "CUB-ch (Women)"]
[Site "Camaguey"]
[Date "2023.02.10"]
[Round "2"]
[White "Arribas Robaina, Maritza"]
[Black "Forgas Moreno, Yaniela"]
[Result "1/2-1/2"]
[WhiteElo "2225"]
[BlackElo "2304"]
[PlyCount "55"]
[EventDate "2023.02.09"]
[EventType "tourn"]
[EventRounds "11"]
[EventCountry "CUB"]
[SourceTitle "CBM 213 Extra"]
[Source "ChessBase"]
[SourceDate "2023.05.31"]
[SourceVersion "1"]
[SourceVersionDate "2023.05.31"]
[SourceQuality "1"]

1. e4 c5 2. Nf3 d6 3. Bb5+ Nd7 4. 0-0 a6 5. Bxd7+ Bxd7 6. d4 cxd4 7. Qxd4 Rc8 8. c4 e5 9. Qd3 b5 10. Nfd2 Qb6 11. b3 Nf6 12. Nc3 Be7 13. a4 b4 14. Nd1 0-0 15. Ne3 g6 16. Bb2 Qc5 17. Kh1 Be6 18. f4 exf4 19. Rxf4 Nh5 20. Rf3 Bg5 21. Bd4 Qc7 22. Raf1 Rce8 23. Bb2 Qc5 24. Bd4 Qc7 25. Bb2 Qc5 26. Bd4 Qc7 27. Ba1 Qc5 28. Bd4 1/2-1/2

[Event "Central America-ch (Women) 24th"]
[Site "San Salvador"]
[Date "2023.01.21"]
[Round "4"]
[White "Forgas Moreno, Yaniela"]
[Black "Richards, Trisann"]
[Result "1-0"]
[WhiteElo "2223"]
[BlackElo "1602"]
[PlyCount "31"]
[EventDate "2023.01.21"]
[EventType "swiss"]
[EventRounds "11"]
[EventCountry "ESA"]
[SourceTitle "CBM 212 Extra"]
[Source "ChessBase"]
[SourceDate "2023.03.31"]
[SourceVersion "1"]
[SourceVersionDate "2023.03.31"]
[SourceQuality "1"]

1. e4 e6 2. d4 d5 3. Nc3 Bb4 4. e5 Nd7 5. Qg4 Bf8 6. Nf3 c5 7. Bd3 c4 8. Be2 Nb6 9. Bg5 Ne7 10. Nb5 Kd7 11. Nd6 Rg8 12. Nxf7 Qe8 13. Nd6 Qg6 14. Nh4 Qxc2 15. Rc1 Qxb2 16. Qxe6+ 1-0

[Event "Central America-ch (Women) 24th"]
[Site "San Salvador"]
[Date "2023.01.21"]
[Round "3"]
[White "Gonzalez Peguero, Mary Loly"]
[Black "Forgas Moreno, Yaniela"]
[Result "0-1"]
[WhiteElo "1679"]
[BlackElo "2223"]
[PlyCount "84"]
[EventDate "2023.01.21"]
[EventType "swiss"]
[EventRounds "11"]
[EventCountry "ESA"]
[SourceTitle "CBM 212 Extra"]
[Source "ChessBase"]
[SourceDate "2023.03.31"]
[SourceVersion "1"]
[SourceVersionDate "2023.03.31"]
[SourceQuality "1"]

1. Nf3 d6 2. g3 f5 3. d4 Nf6 4. Bg2 g6 5. c3 Bg7 6. 0-0 0-0 7. Ng5 c6 8. Qb3+ d5 9. e4 fxe4 10. Nxe4 Nxe4 11. Bxe4 e5 12. dxe5 Nd7 13. Be3 Nxe5 14. Nd2 Rf7 15. Bg2 Be6 16. Qc2 Qd7 17. Rad1 Bf5 18. Qb3 Bd3 19. Rfe1 Ng4 20. Ne4 Bc4 21. Qc2 Qf5 22. b3 Ba6 23. c4 dxe4 24. Bxe4 Qh5 25. h4 Nxe3 26. Rxe3 Raf8 27. Rf1 Bd4 28. Re2 Qg4 29. Kg2 b5 30. Bxc6 bxc4 31. bxc4 Bc8 32. Bd5 Qh3+ 33. Kg1 Qxg3+ 34. Kh1 Qxh4+ 35. Kg1 Bh3 36. Bxf7+ Rxf7 37. Qe4 Qxe4 38. Rxe4 Bxf1 39. Rxd4 Be2 40. c5 Rc7 41. Re4 Bf3 42. Re3 Bd5 0-1